Ratchet & Clank Levels - Statistics

General Stats
  • This quiz has been taken 31 times
  • The average score is 13 of 18
Answer Stats
Number Answer % Correct
1 Veldin
96%
12 Pokitaru
91%
7 Rilgar
91%
4 Kerwan
87%
2 Novalis
87%
3 Aridia
83%
10 Orxon
83%
9 Batalia
70%
18 Drek’s Fleet
70%
5 Eudora
70%
17 Kalebo III
70%
16 Quartu
70%
11 Gaspar
65%
14 Gemlik Base
65%
15 Oltanis
65%
8 Umbris
65%
6 Blarg Tactical Research Site
61%
13 Hoven
61%
No matching quizzes found
Score Distribution
Percent of People with Each Score
Percentile by Number Answered
Your Score History
You have not taken this quiz